<?xml version="1.0" encoding="UTF-8"?>
<collection xmlns="http://www.loc.gov/MARC21/slim">
 <record>
  <leader>00597pamaa2200193   4500</leader>
  <controlfield tag="001">0000018504</controlfield>
  <controlfield tag="005">20060619090000.0</controlfield>
  <datafield tag="020" ind1="0" ind2="0">
   <subfield code="a">0712650598 </subfield>
  </datafield>
  <datafield tag="082" ind1=" " ind2=" ">
   <subfield code="a">659.2 SMY</subfield>
  </datafield>
  <datafield tag="090" ind1="0" ind2="0">
   <subfield code="a">HD58.9 </subfield>
   <subfield code="b">SMY 1992</subfield>
  </datafield>
  <datafield tag="100" ind1="1" ind2="0">
   <subfield code="a">SMYTHE </subfield>
  </datafield>
  <datafield tag="245" ind1="1" ind2="0">
   <subfield code="a">Corporate reputation : </subfield>
   <subfield code="b">managing the new strategic asset  </subfield>
   <subfield code="c">John Smythe, Colette Dorward and Jerome Reback.</subfield>
  </datafield>
  <datafield tag="260" ind1="0" ind2="0">
   <subfield code="a">London: </subfield>
   <subfield code="b">Century Business, </subfield>
   <subfield code="c">1992.</subfield>
  </datafield>
  <datafield tag="300" ind1=" " ind2=" ">
   <subfield code="a">x, 180p.: </subfield>
   <subfield code="b">ill.; </subfield>
   <subfield code="c">24cm.</subfield>
  </datafield>
  <datafield tag="650" ind1="0" ind2="0">
   <subfield code="a">Corporate image </subfield>
  </datafield>
  <datafield tag="650" ind1="0" ind2="0">
   <subfield code="a">Public relations </subfield>
  </datafield>
  <datafield tag="650" ind1="0" ind2="0">
   <subfield code="a">Social responsibility of business </subfield>
  </datafield>
  <datafield tag="700" ind1="1" ind2="1">
   <subfield code="a">DORWARD, </subfield>
   <subfield code="h">Colette </subfield>
  </datafield>
  <datafield tag="700" ind1="1" ind2="1">
   <subfield code="a">Reback, </subfield>
   <subfield code="h">Jerome </subfield>
  </datafield>
 </record>
</collection>
